Statistics for UK Number 1 Singles of the 2000s

Click here to take the quiz!

General Stats

  • This quiz has been taken 507 times
    (483 since last reset)
  • The average score is 172 of 273

Answer Stats

YearSongAnswer% Correct
2004EverytimeBritney Spears
96%
2000Oops!...I Did It AgainBritney Spears
96%
2007Beautiful LiarBeyonce & Shakira
96%
2004ToxicBritney Spears
96%
2000Born to Make You HappyBritney Spears
96%
2006Smack ThatAkon featuring Eminem
96%
2006Deja VuBeyonce featuring Jay-Z
95%
2005Like Toy SoldiersEminem
95%
2003Crazy in LoveBeyonce featuring Jay-Z
95%
2004Just lose ItEminem
95%
2000The Real Slim ShadyEminem
95%
2000StanEminem featuring Dido
95%
2002Without MeEminem
95%
2002Lose YourselfEminem
95%
20084 MinutesMadonna featuring Justin Timberlake and Timbaland
95%
2008If I Were a BoyBeyonce
94%
2009Run This TownJay-Z featuring Rihanna and Kanye West
92%
2009Just DanceLady Gaga featuring Colby O'Donis
91%
2001Lady MarmaladeChristina Aguilera, Lil' Kim, Mya and P!nk
91%
2009Bad RomanceLady Gaga
91%
2009Poker FaceLady Gaga
91%
2003Where Is the Love?The Black Eyed Peas
90%
2009Boom Boom PowThe Black Eyed Peas
90%
2009Meet Me HalfwayThe Black Eyed Peas
90%
2007UmbrellaRihanna featuring Jay-Z
90%
2009I Gotta FeelingThe Black Eyed Peas
90%
2000Against All OddsMariah Carey featuring Westlife
89%
2007Walk This WaySugababes vs Girls Aloud
88%
2007Give It to MeTimbaland featuring Nelly Furtado and Justin Timberlake
88%
2003SlowKylie Minogue
87%
2008Viva la VidaColdplay
87%
2000Spinning AroundKylie Minogue
87%
2006Hips Don't LieShakira featuring Wyclef Jean
87%
2001Can't Get You Out of My HeadKylie Minogue
87%
2002World of Our OwnWestlife
86%
2006SorryMadonna
86%
2005Hung UpMadonna
86%
2000Fool AgainWestlife
86%
2001Eternity / The Road to MandalayRobbie Williams
86%
2008Take a BowRihanna
86%
2000American PieMadonna
86%
2001Queen of My HeartWestlife
86%
2003MandyWestlife
86%
2006PatienceTake That
86%
2000Rock DJRobbie Williams
86%
2001Uptown GirlWestlife
86%
2000My LoveWestlife
86%
2000MusicMadonna
86%
2008Greatest DayTake That
86%
2002UnbreakableWestlife
86%
2006The RoseWestlife
86%
2004RadioRobbie Williams
86%
2001Somethin' StupidRobbie Williams and Nicole Kidman
86%
2007ShineTake That
86%
2005You Raise Me UpWestlife
86%
2002Just Like a PillP!nk
85%
2008So WhatP!nk
85%
2008I Kissed a GirlKaty Perry
85%
2006A Moment Like ThisLeona Lewis
84%
2007Bleeding LoveLeona Lewis
84%
2008RunLeona Lewis
84%
2005StickwituPussycat Dolls
83%
2002A Little Less ConversationElvis Presley vs JXL
83%
2006SexyBackJustin Timberlake
83%
2005Jailhouse RockElvis Presley
83%
2005Don't ChaPussycat Dolls featuring Busta Rhymes
83%
2005It's Now or NeverElvis Presley
83%
2002Sound of the UndergroundGirls Aloud
83%
2004I'll Stand by YouGirls Aloud
83%
2005One Night / I Got StungElvis Presley
83%
2008The PromiseGirls Aloud
83%
2001SurvivorDestiny's Child
82%
2000We Will Rock YouFive + Queen
82%
2000Independent Women Part 1Destiny's Child
82%
2004Take Me to the Clouds AboveLMC vs U2
81%
2004VertigoU2
81%
2005Sometimes You Can't Make It on Your OwnU2
81%
2000Beautiful DayU2
81%
2002Round RoundSugababes
79%
2007About You NowSugababes
79%
2003Hole in the HeadSugababes
79%
2002Freak Like MeSugababes
79%
2005Push the ButtonSugababes
79%
2005I'll Be OKMcFly
78%
2002DilemmaNelly featuring Kelly Rowland
78%
2006Star GirlMcFly
78%
2003You Said NoBusted
78%
2007Baby's Coming Back / TransylvaniaMcFly
78%
2004Thunderbirds / 3amBusted
78%
2003Crashed the WeddingBusted
78%
2004ObviouslyMcFly
78%
2006Don't Stop Me Now / Please, PleaseMcFly
78%
2004Five Colours In Her HairMcFly
78%
2005All About You / You've Got a FriendMcFly
78%
2004Who's David?Busted
78%
2008Sex on FireKings of Leon
77%
2007I'm Gonna Be (500 Miles)The Proclaimers featuring Brian Potter and Andy Pipkin
77%
2005You're BeautifulJames Blunt
77%
2009Bad BoysAlexandra Burke featuring Flo Rida
77%
2006Nasty GirlThe Notorious B.I.G featuring Diddy, Nelly, Jagged Edge and Avery Storm
77%
2004My Place / Flap Your WingsNelly
76%
2005Over and OverNelly featuring Tim McGraw
76%
2008American BoyEstelle featuring Kanye West
76%
2006I Don't Feel Like Dancin'Scissor Sisters
75%
2001AngelShaggy featuring Rayvon
75%
2001It Wasn't MeShaggy featuring Rikrok
75%
2002Sorry Seems to Be the Hardest WordBlue featuring Elton John
75%
2006It's ChicoTimeChico
74%
2003BeautifulChristina Aguilera
74%
2002DirrtyChristina Aguilera featuring Redman
74%
2005LylaOasis
73%
2002The Hindu TimesOasis
73%
2000Go Let It OutOasis
73%
2001Whole AgainAtomic Kitten
73%
2005The Importance of Being IdleOasis
73%
2001Eternal FlameAtomic Kitten
73%
2002The Tide Is High (Get the Feeling)Atomic Kitten
73%
2000Can We Fix It?Bob the Builder
72%
2005I Bet You Look Good on the DancefloorArctic Monkeys
72%
2005Is This the Way to AmarilloTony Christie featuring Peter Kay
72%
2006When the Sun Goes DownArctic Monkeys
72%
2001Mambo No. 5Bob the Builder
72%
2009Fight for This LoveCheryl Cole
72%
2004BurnUsher
71%
2004Yeah!Usher featuring Ludacris and Lil John
71%
2004Mysterious GirlPeter Andre featuring Bubbler Ranx
71%
2000Never Had a Dream Come TrueS Club 7
71%
2001Don't Stop Movin'S Club 7
71%
2007Grace KellyMIKA
71%
2002The Long and Winding Road / Suspicious MindsWill Young and Gareth Gates
71%
2001Have You EverS Club 7
71%
2003Leave Right NowWill Young
70%
2002Anything Is Possible / EvergreenWill Young
70%
2002Light My FireWill Young
70%
2008HallelujahAlexandra Burke
69%
2009My Life Would Suck Without YouKelly Clarkson
68%
2009Sexy ChickDavid Guetta featuring Akon
68%
2002If Tomorrow Never ComesRonan Keating
67%
2000Life Is a RollercoasterRonan Keating
67%
2000Fill Me InCraig David
66%
2005Ghetto Gospel2Pac featuring Elton John
66%
20007 DaysCraig David
66%
2007RubyKaiser Chiefs
66%
2003Ignition (Remix)R Kelly
65%
2004WonderfulJa Rule featuring R Kelly and Ashanti
65%
2000Black CoffeeAll Saints
64%
2008Dance Wiv MeDizzee Rascal featuring Calvin Harris and Chrome
64%
2000Pure ShoresAll Saints
64%
2009Everybody in LoveJLS
64%
2009HolidayDizzee Rascal featuring Calvin Harris
64%
2009Beat AgainJLS
64%
2006ManeaterNelly Furtado
64%
2008MercyDuffy
64%
2002Unchained MelodyGareth Gates
63%
2002Anyone of Us (Stupid Mistake)Gareth Gates
63%
2003Spirit in the SkyGareth Gates and The Kumars
63%
2003Are You Ready for LoveElton John
62%
2006SmileLily Allen
62%
2009When Love Takes OverDavid Guetta featuring Kelly Rowland
62%
2009The FearLily Allen
62%
2009BonkersArmand Van Helden vs Dizzee Rascal
61%
2007StrongerKanye West
59%
2009Killing in the NameRage Against the Machine
59%
2001It's Raining MenGeri Halliwell
59%
2000Bag It UpGeri Halliwell
59%
2006CrazyGnarls Barkley
57%
2001Gotta Get Thru ThisDaniel Bedingfield
56%
2003Never Gonna Leave Your SideDaniel Bedingfield
56%
2002If You're Not the OneDaniel Bedingfield
56%
2005DakotaStereophonics
55%
2002HeavenDJ Sammy and Yanou featuring Do
55%
2008That's Not My NameThe Ting Tings
54%
2001Too CloseBlue
54%
2004Dry Your EyesThe Streets
54%
2001If You Come BackBlue
54%
2003All the Things She Saidt.A.T.u
54%
2005LonelyAkon
54%
2004Do They Know It's Christmas?Band Aid 20
53%
2009The Official BBC Children in Need MedleyPeter Kay's Animated All Star Band
53%
2000Holler / Let Love Lead the WaySpice Girls
53%
2008CloserNe-Yo
53%
2006So SickNe-Yo
53%
2006Welcome to the Black ParadeMy Chemical Romance
52%
2005DAREGorillaz featuring Shaun Ryder
52%
2001Love Don't Cost a ThingJennifer Lopez
52%
2007Beautiful GirlsSean Kingston
51%
2003Bring Me to LifeEvanescence
51%
2001The Way to Your LoveHear'Say
51%
2001Pure and SimpleHear'Say
51%
2005Axel FCrazy Frog
51%
2009Right RoundFlo Rida featuring Ke$ha
50%
2000Never Be The Same AgainMelanie C featuring Lisa "Left Eye" Lopes
49%
2002HeroEnrique Iglesias
49%
2000I Turn to YouMelanie C
49%
2009BulletproofLa Roux
49%
2005That's My GoalShayne Ward
48%
2006AmericaRazorlight
48%
2004Call On MeEric Prydz
48%
200121 SecondsSo Solid Crew
47%
2001Let's DanceFive
47%
2000Groovejet (If This Ain't Love)Spiller featuring Sophie Ellis-Bextor
46%
2004These WordsNatasha Bedingfield
46%
2002Just a LittleLiberty X
45%
2009Mama Do (Uh Oh, Uh Oh)Pixie Lott
45%
2009Boys and GirlsPixie Lott
45%
2002Kiss KissHolly Valance
45%
2007The Way I AreTimbaland featuring Keri Hilson and D.O.E
44%
2009Number 1Tinchy Stryder featuring N-Dubz
44%
2001Because I Got HighAfroman
44%
2002The Ketchup Song (Asereje)Las Ketchup
44%
2002ColourblindDarius
43%
2009Evacuate the DancefloorCascada
43%
2000StompSteps
43%
2001Rollin'Limp Bizkit
43%
2005Get RightJennifer Lopez
42%
2000Can't Fight the MoonlightLeAnn Rimes
42%
2008All Summer LongKid Rock
42%
2003Mad WorldMichael Andrews and Gary Jules
40%
2000BreathlessThe Corrs
39%
2007With Every HeartbeatRobyn with Kleerup
39%
2004F*** It (I Don't Want You Back)Eamon
39%
2002CrossroadsBlazin' Squad
39%
2009Break Your HeartTaio Cruz
38%
2008Now You're GoneBasshunter featuring DJ Mental Theo's Bazzheads
38%
2000The Masses Against the ClassesManic Street Preachers
37%
2000Same Old Brand New Youa1
36%
2008HeroThe X Factor Finalists 2008
36%
2000Take On Mea1
36%
2003BreatheBlu Cantrell featuring Sean Paul
36%
2009You Are Not AloneThe X Factor Finalists 2009
36%
2000RiseGabrielle
35%
2006I Wish I Was a Punk Rocker (With Flowers in My Hair)Sandi Thom
35%
2000Lady (Hear Me Tonight)Modjo
35%
2001What Took You So Long?Emma Bunton
35%
2002My Sweet LordGeorge Harrison
33%
2004With a Little Help from My FriendsSam & Mark
33%
2000Don't Call Me BabyMadison Avenue
32%
2005GoodiesCiara featuring Petey Pablo
31%
2009I'm Not AloneCalvin Harris
31%
2003ChangesKelly Osbourne and Ozzy Osbourne
31%
2009Never Leave YouTinchy Stryder featuring Amelle
30%
2001Hey BabyDJ Otzi
29%
2005JCB SongNizlopi
29%
2007When You BelieveLeon Jackson
28%
2006No TomorrowOrson
28%
2004Baby Cakes3 of a Kind
28%
2009Oopsy DaisyChipmunk featuring Dayo Olatunji
28%
2009Islands in the StreamVanessa Jenkins and Bryn West featuring Sir Tom Jones and Robin Gibb
28%
2000It Feels So GoodSonique
27%
2000Don't Give UpChicane with Bryan Adams
27%
2004Lola's ThemeShapeshifters
27%
2006Thunder in My Heart AgainMeck featuring Leo Sayer
26%
2004Cha Cha Slide (Part 2)DJ Casper
26%
2004F.U.R.B (F*** You Right Back)Frankee
25%
2000Toca's MiracleFragma
25%
2005Against All OddsSteve Brookstein
25%
2003Stop Living the LieDavid Sneddon
24%
2004All This TimeMichelle McManus
24%
2000Day & NightBillie Piper
24%
2002More Than a WomanAaliyah
22%
2006Put Your Hands Up For DetroitFedde Le Grand
21%
2001Another ChanceRoger Sanchez
21%
2003Make LuvRoom 5 featuring Oliver Cheatham
21%
2004I Don't Wanna KnowMario Winans featuring P.Diddy and Enya
20%
2001Do You Really Like It?DJ Pied Piper
20%
2003Be FaithfulFatman Scoop
18%
2000You See the Trouble with MeBlack Legend
17%
2004Real to MeBrian McFadden
17%
2003LonelinessTomcraft
17%
2008Singin' in the RainMint Royale
17%
2001Touch MeRui da Silva
15%
2000Bound 4 Da Reload (Casualty)Oxide & Neutrino
14%
2007What a Wonderful WorldKatie Melua and Eva Cassidy
14%

Score Distribution

Percentile by Number Answered

Percent of People with Each Score

Your Score History

You have not taken this quiz since the last reset